|
|
|
|
| LEADER |
01065cam a2200265 7i4500 |
| 001 |
0000023602 |
| 005 |
20090917090000.0 |
| 020 |
0 |
0 |
|a 978-0-8021-4416-4
|
| 090 |
0 |
0 |
|a B 382.09
|b BER
|
| 100 |
1 |
0 |
|a Bernstein
|
| 245 |
1 |
0 |
|a A Splendid exchange :
|b how trade shaped the world.
|
| 260 |
0 |
0 |
|a New York:
|b Grove Press,
|c 2008.
|
| 300 |
# |
# |
|a 467 p.
|
| 650 |
0 |
0 |
|a International trade --
|x History
|
| 650 |
0 |
0 |
|a International economic relations --
|x History
|
| 650 |
0 |
0 |
|a International business enterprises --
|x History
|
| 650 |
0 |
0 |
|a Globalization --
|x History
|
| 999 |
|
|
|a JHR000164B
|b Book
|c Book
|e MATRADE Southern Regional Office
|
| 999 |
|
|
|a B000025409
|b Book
|c Book
|e Business Information Centre
|
| 999 |
|
|
|a B000025410
|b Book
|c Book
|e Business Information Centre
|
| 999 |
|
|
|a B000025411
|b Book
|c Book
|e Business Information Centre
|
| 999 |
|
|
|a PNG000871B
|b Book
|c Book
|e MATRADE Northern Regional Office
|
| 999 |
|
|
|a SBH000841B
|b Book
|c Book
|e MATRADE Sabah
|
| 999 |
|
|
|a SRW000268B
|b Book
|c Book
|e MATRADE Sarawak
|
| 999 |
|
|
|a TRG000153B
|b Book
|c Book
|e MATRADE Eastern Regional Office
|